| 000 | 01122cam a22002172 4500 | ||
|---|---|---|---|
| 999 |
_c16495 _d16495 |
||
| 001 | 0000025015 | ||
| 003 | OSt | ||
| 005 | 20170919095656.0 | ||
| 008 | 140416s xx 000 0 eng d | ||
| 040 |
_aKABU _cKABU |
||
| 050 |
_aThe HG2039 _b.K4M37 2016 C.1 |
||
| 100 | 1 | _aMarita, Ruth Mwango | |
| 245 | 1 | 3 |
_aEffects of internal control on financial performance of saccos _ba survey of saccos in Nakuru county,Kenya _cRuth Mwango Marita |
| 260 |
_aNakuru : _bKabarak University, _c2016. |
||
| 300 | _ax, 72 leaves | ||
| 502 | _aThesis (MBA) - Kabarak University, 2016. | ||
| 650 | 0 |
_aSavings and credit cooperative soccietes _z Kenya. |
|
| 650 | 0 |
_aCo-operative societies _vFinance |
|
| 908 | _a140416 | ||
| 942 |
_2lcc _cTHE _hThe HG2039 .K4M37 2016 _kThe |
||